L'omicidio nell'antropologia criminale (omicida nato e omicida criminale) (Record no. 54086)

MARC details
000 -LEADER
campo de control de longitud fija 00667nam a22001935i 4500
001 - NÚMERO DE CONTROL
campo de control 54086
003 - IDENTIFICADOR DE NÚMERO DE CONTROL
campo de control ES-MaACL
005 - FECHA Y HORA DE LA ÚLTIMA TRANSACCIÓN
campo de control 20250912063039.0
007 - CAMPO FIJO DE DESCRIPCIÓN FÍSICA--INFORMACIÓN GENERAL
campo de control de longitud fija t|
008 - DATOS DE LONGITUD FIJA--INFORMACIÓN GENERAL
campo de control de longitud fija 960710s1895 it ||||1| ita d
040 ## - FUENTE DE CATALOGACIÓN
Centro catalogador/agencia de origen CAM
Lengua de catalogación spa
Centro/agencia transcriptor CAM
100 1# - ENTRADA PRINCIPAL--NOMBRE DE PERSONA
Nombre de persona Ferri, Enrico,
Fechas asociadas al nombre 1856-1929
9 (RLIN) 50564
245 12 - MENCIÓN DEL TÍTULO
Título L'omicidio nell'antropologia criminale (omicida nato e omicida criminale)
Resto del título : con atlante antropologico-statistico /
Mención de responsabilidad, etc. Enrico Ferri.
260 ## - PUBLICACIÓN, DISTRIBUCIÓN, ETC.
Lugar de publicación, distribución, etc. Torino :
Nombre del editor, distribuidor, etc. Fratelli Bocca editori,
Fecha de publicación, distribución, etc. 1895 (
Fabricante Stabilimento tipografico Vicenzo Bona)
300 ## - DESCRIPCIÓN FÍSICA
Extensión VIII, 789 p. ;
Dimensiones 24 cm.
650 04 - PUNTO DE ACCESO ADICIONAL DE MATERIA--TÉRMINO DE MATERIA
Término de materia o nombre geográfico como elemento de entrada Homicidio.
9 (RLIN) 13467
852 ## - LOCALIZACIÓN
Ubicación ES-MaACL
Número de control de estantería F-9970
Holdings
Estatus retirado Estado de pérdida Estado de daño No para préstamo Colección Biblioteca de origen Biblioteca actual Ubicación en estantería Fecha de adquisición Fuente de adquisición Total de préstamos Signatura topográfica completa Código de barras Visto por última vez Precio de reemplazo Tipo de ítem Koha
        Libros del s. XIX Biblioteca del Ateneo de Madrid Biblioteca del Ateneo de Madrid Sala Pecera Planta 2 17/01/2008     F-9970 1056842 23/02/2023 23/02/2023 Libro impreso antiguo